000 00610nam a2200205 a 4500
005 20140310183516.0
008 110104s19uu xx 00 eng d
020 _a978039307222
050 _aQD 360
_b.C3667 2010
100 _aCarr, Nicholas
245 _aThe shallows :
_bwhat the internet is doing in our brains /
_cNicholas Carr.
260 _aNew York :
_bW.W.Norton & Co,
_c2010.
300 _a276 p. :
_c24 cm.
521 _aPSYCH
650 _aNeuropsychology.
650 _aInternet-Physiological effect.
650 _aInternet-Pschological effect.
942 _cBK
_2lcc
_kFOR
999 _c24299
_d24299